Aristóteles
Lectura sistematizada de Aristóteles, tanto de su obra y pensamiento como de su vida. Presentado como “hombre público”, una figura influyente en las decisiones políticas desde un compromiso filosófico. Asimismo, se presentan una serie de cuestiones de carácter metodológico como la recolección de dat...
Guardado en:
| 主要作者: | |
|---|---|
| 格式: | 圖書 |
| 語言: | Undetermined |
| 出版: |
Madrid, España
Editorial Cátedra
1999
|
| 版: | 3 |
| 主題: | |
| 標簽: |
添加標簽
沒有標簽, 成為第一個標記此記錄!
|
MARC
| LEADER | 00000nam a2200000Ia 4500 | ||
|---|---|---|---|
| 008 | 170316s9999 xx 000 0 und d | ||
| 040 | |a cru BVZT | ||
| 090 | |a 100 B-10.1a | ||
| 100 | |a Barnes, Jonathan |9 1120 | ||
| 245 | |a Aristóteles |c / Jonathan Barnes | ||
| 250 | |a 3 | ||
| 260 | |a Madrid, España |b Editorial Cátedra |c 1999 | ||
| 300 | |a 159 páginas | ||
| 520 | |a Lectura sistematizada de Aristóteles, tanto de su obra y pensamiento como de su vida. Presentado como “hombre público”, una figura influyente en las decisiones políticas desde un compromiso filosófico. Asimismo, se presentan una serie de cuestiones de carácter metodológico como la recolección de datos y el trasfondo filosófico del mismo método. Su pensamiento se presenta mediante las diferentes áreas de trabajo sobre las que el estagirita estudió como la lógica la ciencia, la psicología, las artes, la teología, la ontología; así como una serie de conceptos y problemas como el cambio, la causalidad, la estructura de las ciencias, etc. Finalmente se cierra con un apartado sobre la “supervivencia de Aristóteles” | ||
| 650 | |a FILOSOFÍA |9 5 | ||
| 650 | |a ARISTÓTELES - BIOGRAFÍA |9 1121 | ||
| 999 | |c 15633 |d 15633 | ||
| 942 | |c 15 D |h 100 B-10.1a |2 z | ||
